Normal view
MARC view
- Sehar Shakir (NUST2012-60746-MCES-64112-F)
Entry Personal Name
001 - CONTROL NUMBER
- control field: 116287
003 - CONTROL NUMBER IDENTIFIER
- control field: NUST
005 - DATE AND TIME OF LATEST TRANSACTION
- control field: 20230912165921.0
008 - FIXED-LENGTH DATA ELEMENTS
- fixed length control field: 230912|| aca||aabn | a|a d
040 ## - CATALOGING SOURCE
- Original cataloging agency: NUST
- Transcribing agency: NUST
100 ## - HEADING--PERSONAL NAME
- Personal name: Sehar Shakir (NUST2012-60746-MCES-64112-F)
670 ## - SOURCE DATA FOUND
- Source citation: Work cat.: (NUST): Sehar Shakir (NUST2012-60746-MCES-64112-F), Synthesis of Cu doped titania nanoparticles and thin films and studies on its structural and thermal performance for dye sensitized solar cells /, 2014
